| 000 | 00559nam a2200193 a 4500 | ||
|---|---|---|---|
| 005 | 20210219153305.0 | ||
| 008 | 991125n 000 0 spa u | ||
| 035 | _aUPN01000088977 | ||
| 100 | _aMADRID HURTADO, Miguel de la, Pres. de México, 1934- | ||
| 222 | _aCOMUNICACION EDUCATIVA SEP | ||
| 245 | _aUna necesidad : la integración regional de las universidades | ||
| 300 | _a17 | ||
| 362 | _a1983 Año 1, no. 7, nov. | ||
| 653 | 0 | _aEDUCACION SUPERIOR | |
| 653 | 0 | _aMEXICO | |
| 653 | 0 | _aUNIVERSIDADES | |
| 904 |
_aAC _b026788 |
||
| 905 | _aArticulo | ||
| 999 |
_c73228 _d73228 |
||